[Event "BRA Bahia Region"]
[Site "Salvador"]
[Date "2013.04.27"]
[Round "1"]
[White "Alves de Souza, Jackson"]
[Black "Melo, Moises Dos Santos"]
[Result "0-1"]
[WhiteElo "100"]
[BlackElo "1843"]
[PlyCount "92"]
[EventDate "2013.04.27"]
[EventType "swiss"]
[EventRounds "9"]
[EventCountry "BRA"]
[SourceTitle "EXT 2022"]
[Source "ChessBase"]
[SourceDate "2021.10.06"]
[SourceVersion "1"]
[SourceVersionDate "2021.10.06"]
[SourceQuality "1"]

1. e4 c6 2. Nf3 d5 3. Nc3 e6 4. d4 Nf6 5. Bg5 Be7 6. e5 Nfd7 7. Bxe7 Qxe7 8. Be2 a6 9. Qd2 c5 10. dxc5 Qxc5 11. 0-0 Qc7 12. Rfe1 Nc6 13. Bd3 Ndxe5 14. Qf4 Nxf3+ 15. Qxf3 Ne5 16. Qg3 f6 17. Rxe5 fxe5 18. Bxh7 g5 19. Bg6+ Kf8 20. Qxg5 e4 21. Qf6+ Kg8 22. g3 Rh6 23. Bf7+ Kh7 24. Qf4 Qxf4 25. gxf4 Bd7 26. f5 d4 27. Nxe4 exf5 28. Nd2 Be6 29. Bxe6 Rxe6 30. Nf3 Rg6+ 31. Kf1 Rag8 32. Ke2 Rg4 33. Kd3 Rf4 34. Nxd4 Rxf2 35. Re1 Rxh2 36. Nxf5 Rh3+ 37. Kc4 Rg4+ 38. Kd5 Rh5 39. Ke6 Rg6+ 40. Ke5 Rgg5 41. Kd6 Rxf5 42. Re7+ Kg6 43. Rxb7 Rf6+ 44. Kc7 Rh7+ 45. Kb8 Rxb7+ 46. Kxb7 Rf2 0-1